Statystyki dla 10 najdłuższych dróg krajowych w Polsce

Kliknij tutaj aby rozwiązać quiz!

Ogólne statystyki

  • Ten quiz został rozwiązany 199 razy
  • Średni wynik to 10 z 10

Statystyki odpowiedzi

PrzebiegDługośćDroga% Poprawnych
Rusocin - Zwardoń640 km1
100%
Świecko - Terespol672 km2
99%
Świnoujście - Szklarska Poręba499 km3
99%
Zgorzelec - Korczowa673 km4
99%
Nowe Marzy - Lubawka496 km5
99%
Gdańsk - Chyżne780 km7
99%
Budzisko - Kudowa-Słone804 km8
98%
Kołobrzeg - Tarnowskie Góry596 km11
93%
Łęknica - Dorohusk757 km12
92%
Ogrodniki - Barwinek592 km19
85%

Rozkład punktacji

Percentyl według liczby udzielonych odpowiedzi

Procent ludzi z każdym wynikiem

Twoja historia wyników

Nie rozwiązałeś tego quizu